Statistics for Romeo Santos Charting Songs (Billboard Hot 100)

Click here to take the quiz!

General Stats

  • This quiz has been taken 82 times
    (36 since last reset)
  • The average score is 4 of 12

Answer Stats

AlbumWeeks OnPeakArtist(s)Song% Correct
Formula, Vol. 211 Weeks#45Romeo Santos ft. DrakeOdio
85%
Formula, Vol. 19 Weeks#83Romeo Santos ft. UsherPromise
59%
Odisea20 Weeks#49Ozuna & Romeo SantosEl Farsante
37%
Golden1 Week#91Romeo SantosImitadora
37%
Formula, Vol. 27 Weeks#79Romeo SantosPropuesta Indecente
33%
Golden1 Week#95Romeo Santos ft. Nicky Jam & Daddy YankeeBella y Sensual
22%
Sex and Love4 Weeks#80Enrique Iglesias ft. Romeo SantosLoco
22%
Non-Album Single20 Weeks#61Anuel AA & Romeo SantosElla Quiere Beber
19%
Mañana Será Bonito7 Weeks#48Karol G & Romeo SantosX Si Volvemos
19%
Formula, Vol. 31 Week#100Romeo Santos & Justin TimberlakeSin Fin
11%
Golden1 Week#77Romeo SantosHeroe Favorito
7%
Formula, Vol. 11 Week#97Romeo SantosYou
7%

Score Distribution

Percentile by Number Answered

Percent of People with Each Score

Your Score History

You have not taken this quiz since the last reset